​​more than friends - Isabel LaRosa - All Lyrics - Statistics

General Stats
  • This quiz has been taken 30 times
  • The average score is 136 of 174
Answer Stats
Answer % Correct
you
100%
friends,
95%
friends
95%
Friends,
95%
I
95%
(I
95%
know
95%
more
95%
than
95%
than)
95%
that
95%
we're
95%
a
89%
me
84%
me,
84%
your
84%
can't
79%
Can't
79%
don't
79%
this
79%
I'm
74%
I’m
74%
My
74%
my
74%
now,
74%
on
74%
take
74%
think
74%
in
68%
just
68%
let
68%
need,
68%
need
68%
please
68%
all
63%
Crazy,
63%
crazy
63%
hands
63%
head
63%
isn't
63%
keep
63%
waist,
63%
again
58%
breath
58%
breath,
58%
die
58%
fingertips
58%
Maybe
58%
racin'
58%
shit
58%
starin'
58%
swear
58%
trace
58%
waitin'
58%
waitin',
58%
catchin'
53%
Comin'
53%
Feel
53%
God,
53%
heart's
53%
made
53%
Save
53%
us
53%
undone
47%
bitin'
42%
changin'
42%
lungs
42%
stuck
42%
tongue
42%
Holdin'
37%
friеnds,
0%
wе're
0%
No matching quizzes found
Score Distribution
Percent of People with Each Score
Percentile by Number Answered
Your Score History
You have not taken this quiz